00505nam a2200169 450000500170000001000150001702000260003203500140005803700090007208200110008110000210009224500460011325000060015926000450016527001060021030000190031620250616145518.0 aENG-145371 a9789357410649c122.00 aEN-128903 bDBAD a88121 aMathew, Brijil K aMillion Drops of Dreams/cBrijil K Mathew a1 bBluerose Publishersc2023aUttar Pradesh mwww.bluerosepublishers.coma3rd Floor, Plot No, 1, F Block, Sector 6, Noida, bUttar Pradeshe201301 a50p.c21cm(pb)